000 01179nam0a22003131 4500
001 rc\2176467
005 20250623021019.0
035 _a(NLR Aleph) 006524678
090 _a6468165
_c6468165
100 _a20110826d1979 |||y0rusy50 ca
101 0 _arus
102 _aRU
105 _aa z |||||
200 1 _aТорговое оборудование
_e[Учеб. пособие для техникумов сов. торговли]
_fР.В. Иванова, В.Ф. Клишин, В.Я. Федюкин
210 _aМосква
_cЭкономика
_d1979
215 _a247 с.
_cил.
_d20
606 _aТорговое оборудование
_jУчебники и пособия
_2psbo
686 _aУ9(2)421.0-571.14я73-1
_2rubbk
686 _a65.9(2)241
_2rubbk
700 1 _aИванова
_bР.В.
_gРоза Васильевна
701 1 _aФедюкин
_bВ.Я.
_gВалерий Яковлевич
701 1 _aКлишин
_bВ.Ф.
_gВладимир Федорович
801 0 _aRU
_bNLR
_gpsbo
801 1 _aRU
_bELAR
_2rusmarc
852 _aNLR
_j79-3/7738
899 _aRuMoRGB
_jB 79-39/102
899 _aRuMoRGB
_jB 79-39/103
942 _cBOOK
980 _aNB